Southville International School and Colleges
Your cart is empty.
  • Cart
  • Lists
    Public lists Eva Luna New books Lux_list list_1
    Your lists Log in to create your own lists
  • Log in to your account
  • Your cookies
  • Search history
Southville International School and Colleges
  • Advanced search
  • Recent comments
  • Most popular
  • Libraries

Log in to your account

Log in with GOOGLE


If you do not have an external account, but do have a local account, you can still log in:

  1. Home
  2. MARC view: Beginning woodwork /
Normal view MARC view ISBD view

Beginning woodwork / (Record no. 9516)

[ view plain ]
MARC details
000 -LEADER
fixed length control field 00749nam a2200253 a 4500
001 - CONTROL NUMBER
control field 445657
003 - CONTROL NUMBER IDENTIFIER
control field OSt
005 - DATE AND TIME OF LATEST TRANSACTION
control field 20140310182119.0
008 - FIXED-LENGTH DATA ELEMENTS--GENERAL INFORMATION
fixed length control field 831220s1984 ilua 001 0 eng
010 ## - LIBRARY OF CONGRESS CONTROL NUMBER
LC control number 82074188
020 ## - INTERNATIONAL STANDARD BOOK NUMBER
International Standard Book Number 0026770407
040 ## - CATALOGING SOURCE
Original cataloging agency DLC
Transcribing agency DLC
Modifying agency DLC
050 00 - LIBRARY OF CONGRESS CALL NUMBER
Classification number TT 180
Item number .F417 1988
082 00 - DEWEY DECIMAL CLASSIFICATION NUMBER
Classification number HS 684.08
Item number F32 1988
100 1# - MAIN ENTRY--PERSONAL NAME
Personal name Feirer, John Louis.
9 (RLIN) 13944
245 10 - TITLE STATEMENT
Title Beginning woodwork /
Statement of responsibility, etc John L. Feirer.
260 ## - PUBLICATION, DISTRIBUTION, ETC. (IMPRINT)
Place of publication, distribution, etc Peoria, Ill. :
Name of publisher, distributor, etc Bennett Pub. Co.,
Date of publication, distribution, etc c1988.
300 ## - PHYSICAL DESCRIPTION
Extent 349 p. :
Other physical details ill. (some col.) ;
Dimensions 24 cm.
650 #0 - SUBJECT ADDED ENTRY--TOPICAL TERM
Topical term or geographic name as entry element Woodwork (Manual training)
9 (RLIN) 13924
700 1# - ADDED ENTRY--PERSONAL NAME
Personal name Feirer, John Louis.
Title of a work Bench woodwork.
9 (RLIN) 13945
906 ## - LOCAL DATA ELEMENT F, LDF (RLIN)
a 7
b cbc
c orignew
d 2
e opcn
f 19
g y-gencatlg
942 ## - ADDED ENTRY ELEMENTS (KOHA)
Source of classification or shelving scheme Library of Congress Classification
Koha item type
Holdings
Withdrawn status Lost status Source of classification or shelving scheme Damaged status Home library Current library Shelving location Date acquired Total Checkouts Full call number Barcode Date last seen Copy number Price effective from Koha item type
    Library of Congress Classification   Luxembourg Library Luxembourg Library High School Section 08/27/2013   TT 180 .F417 1988 6197 08/27/2013 1 08/27/2013 Books

Beginning woodwork /

APA

Feirer J. L., Feirer J. L., . (1988). Beginning woodwork. Peoria, Ill: Bennett Pub. Co.

Chicago

Feirer John Louis, Feirer John Louis, . 1988. Beginning woodwork. Peoria, Ill: Bennett Pub. Co.

Harvard

Feirer J. L., Feirer J. L., . (1988). Beginning woodwork. Peoria, Ill: Bennett Pub. Co.

MLA

Feirer John Louis, Feirer John Louis, . Beginning woodwork. Peoria, Ill: Bennett Pub. Co. 1988.

  • Place hold
  • Print
  • Cite
  • Add to your cart (remove)
  • Save record
    BIBTEX Dublin Core MARCXML MARC (non-Unicode/MARC-8) MARC (Unicode/UTF-8) MARC (Unicode/UTF-8, Standard) MODS (XML) RIS
  • More searches
    Search for this title in:
    Other Libraries (WorldCat) Other Databases (Google Scholar) Online Stores (Bookfinder.com) Open Library (openlibrary.org)

Exporting to Dublin Core...

SOUTHVILLE LIBRARY

Southville International School and Colleges Library

1281 Tropical Ave. Cor. Luxembourg St., BF Homes International, Las Pinas City

Tel. No. 8256374 / 252358 Loc. 117/146

Powered by Koha